Libro rojo de aves de Colombia : (Registro nro. 8563)

Detalles MARC
000 -CABECERA
Campo de control 01208nam a22003017a 4500
005 - FECHA Y HORA DE LA ULTIMA TRANSACCION
Campo de control 20200104041627.0
008 - ELEMENTOS DE LONGITUD FIJA—INFORMACION GENERAL
Campo de control 021114s2014 ck il r 00110 spa d
020 ## - ISBN
ISBN 9789587166712 (v. 1)
040 ## - FUENTE DE CATALOGACIÓN
Agencia catalogadora original CO-BoIAVH
Agencia transcriptora CO-BoIAVH
041 0# - IDIOMA
Código de idioma para texto/pista de sonido o título separado Español
044 ## - PAÍS DE PUBLICACIÓN
País de publicación Colombia
082 04 - NUMERO DE CLASIFICACION DECIMAL DEWEY
Número de clasificación 598.2
Número del ítem R41l
100 1# - ASIENTO PRINCIPAL--NOMBRE PERSONAL
Nombre personal Renjifo-Martínez, Luis Miguel
245 10 - MENCION DE TITULO
Título Libro rojo de aves de Colombia :
Parte restante del título Vol. 1 Bosques húmedos de los Andes y la Costa Pacífica
260 ## - PUBLICACION, DISTRIBUCION, ETC. (PIE DE IMPRENTA)
Lugar de publicación, distribución, etc. Bogotá
Nombre del editor, distribuidor, etc. Editorial Pontificia Universidad Javeriana
-- Instituto Alexander von Humboldt
Fecha de publicación, distribución, etc. 2014
300 ## - DESCRIPCION FISICA
Extensión 465 p.
Otros detalles físicos fot. (col), mapas
Dimensiones 26 cm.
504 ## - NOTA DE BIBLIOGRAFIA, ETC.
Nota de bibliografía Incluye bibliografía (pag. 423-462) y perfil profesional de los autores (463-465)
590 ## - NOTA LOCAL
Nota local se recibe en reposición del item perdido CID-029515
650 #4 - ASIENTO SECUNDARIO DE MATERIA - TERMINO TEMATICO
Término temático o nombre geográfico como elemento de entrada Aves
Subdivisión general Distribución geográfica
Subdivisión geográfica Colombia.
650 #4 - ASIENTO SECUNDARIO DE MATERIA - TERMINO TEMATICO
Término temático o nombre geográfico como elemento de entrada Ornitología
650 #4 - ASIENTO SECUNDARIO DE MATERIA - TERMINO TEMATICO
Término temático o nombre geográfico como elemento de entrada Especies en peligro
Subdivisión geográfica Colombia
650 24 - ASIENTO SECUNDARIO DE MATERIA - TERMINO TEMATICO
Término temático o nombre geográfico como elemento de entrada Protección de las aves
650 24 - ASIENTO SECUNDARIO DE MATERIA - TERMINO TEMATICO
Término temático o nombre geográfico como elemento de entrada Conservación del medio ambiente
700 1# - ASIENTO SECUNDARIO - NOMBRE PERSONAL
Nombre personal Gómez, María Fernanda
700 1# - ASIENTO SECUNDARIO - NOMBRE PERSONAL
Nombre personal Amaya-Villarreal, Angela María
700 1# - ASIENTO SECUNDARIO - NOMBRE PERSONAL
Nombre personal Velásquez-Tibatá, Jorge Iván
942 ## - ELEMENTOS ADICIONALES (KOHA)
Sistema de clasificación Dewey Decimal Classification
Tipo de ítem Libro
Koha issues (borrowed), all copies 20
Existencias
Withdrawn status Lost status Sistema de Clasificación Damaged status No para préstamo Colección Inventariado Ubicación Permanente Ubicación actual Fecha de adquisición Fuente de Valor Total Checkouts Total Renewals Número topográfico Inventario / Código de Barras Date last seen Date checked out Ejemplar Price effective from Forma de adquisición Tipo de material Fecha publicación (Año)
    Dewey Decimal Classification     Humboldt Inventariado 2017 Bogotá Bogotá 24/07/2014 Instituto 13 1 IAVH-598.2 R41l 038189 27/03/2023 14/02/2023 Ej. 1 24/07/2014 Institucional Libro  
    Dewey Decimal Classification     Humboldt Inventariado 2017 Bogotá Bogotá 15/10/2015 Instituto 11   IAVH-598.2 R41l 042154 22/04/2019 22/04/2019 Ej. 3 15/10/2015 Institucional Libro 2012
    Dewey Decimal Classification     Humboldt Inventariado 2017 Sala Fabio Quevedo Sala Fabio Quevedo 24/07/2014 Instituto 1   IAVH-598.2 R41l 038190 24/03/2017 07/03/2017 Ej. 2 24/07/2014 Institucional Libro  
    Dewey Decimal Classification     Ornitología Inventariado 2017 Villa de Leyva Villa de Leyva 12/06/2017 Instituto     IAVH-598.2 R41l 041476 12/06/2017   Ej. 4 12/06/2017 Donación Libro